01305cam a22003011i 4500001001300000003000400013005001700017008004100034010001700075035001900092040003800111050001800149100004500167245013400212260008900346300007600435490007300511500012600584504002600710650003100736650002700767700005200794700004800846700004200894710002900936830002100965999001700986gs 36000149 DLC20260227111340.0760330s1936 pauab s001 0 eng  ags 36000149  a(OCoLC)2079039 aDLCcPSrSdOCoLCdPStdOCoLCdDLC00aGB1025.P4bL41 aLeggette, R. M.q(Ralph Maxwell),d1899-10aGround water in northwestern Pennsylvania /cby R. M. Leggette, with analyses by Margaret D. Foster, W. L. Lamar, and S. K. Love. aHarrisburg :bPa. Dept. of Internal Affairs, Topographic and Geologic Survey,c1936. aiv, 215 p. :bill., tables, diagrs., 4 fold. maps (in pocket) ;c24 cm.1 aPennsylvania. Bureau of Topographic and Geologic Survey. Bulletin W3 aPrepared in cooperation between the United States Geological Survey and the Pennsylvania Topographic and Geologic Survey. aBibliography: p. 3-5. 0aGroundwaterzPennsylvania. 0aGeologyzPennsylvania.1 aFoster, Margaret D.q(Margaret Dorothy),d1895-1 aLamar, William L.q(William Luther),d1905-1 aLove, S. K.q(Samuel Kenneth),d1903-2 aGeological Survey (U.S.) 0aBulletin W ;v3. c27262d27262